| 000 | 01448nam a2200337 i 4500 | ||
|---|---|---|---|
| 003 | EG-GICUC | ||
| 005 | 20260208130729.0 | ||
| 008 | 260208s2022 ua ||||fr|||| 00| 0 ara d | ||
| 040 |
_a EG-GICUC _bara _c EG-GICUC _d EG-GICUC _erda |
||
| 041 | _aara | ||
| 082 | 0 | 4 |
_221 _a343.3 _bم أ . ق |
| 092 | 0 | 4 | _221 |
| 099 | _aLaw1 10 343.3 م أ . ق2022 | ||
| 100 | 0 |
_aمأمون محمد سلامة _eمؤلف. |
|
| 245 | 1 | 0 |
_aقانون الإجراءات الجنائية : _bمعلقا عليه بالفقه وأحكام النقض طبقا لأحدث التعديلات والأحكام / _cتأليف دكتور مأمون محمد سلامة. _nالجزء الأول، |
| 250 |
_aطبعة 2021-2022، _bمزيدة ومنقحة. |
||
| 264 | 1 |
_aالجيزة : _bسلامة للنشر والتوزيع، _c2022. |
|
| 300 |
_a640 صفحة ; _c24 سم. _bإيضاحيات، صور، مثيليات ؛ |
||
| 336 |
_2rda content _atext |
||
| 337 |
_2rda media _aComputer |
||
| 338 |
_2rda carrier _aOnline Resource |
||
| 504 | _aيشتمل على إرجاعات ببليوجرافية. | ||
| 546 | _aالنص باللغة العربية | ||
| 650 | 1 |
_aالقانون الجنائي _2qrmak |
|
| 650 | 1 |
_aقانون الإجراءات الجنائية _2qrmak |
|
| 651 | 1 | _2qrmak | |
| 700 | 1 |
_aرفاعى سيد سعد _eمراجع. |
|
| 856 | 4 | 0 | _uhttps://fll.law.cu.edu.eg/fulltext/bks/B10-05253.pdf |
| 905 | _a43 | ||
| 942 |
_2ddc _n0 _cBK _e21 |
||
| 999 |
_c61587 _d61587 |
||